01029nam a22002057a 4500003000800000008004100008037002000049040002600069041000800095080001200103100002800115245017300143260010000316300002000416500014600436650009600582655002300678700003300701710008900734BI-BuBU170706b2013 bd fr|||| 000 0 fre d bDon de l'auteur aBI-BuBUbfrecBI-BuBU0 afre a336.12 1 4aut.aGirukwayo, Goreth10aEffets des fluctuations des prix des produits pétroliers sur le déficit budgétaire au Burundi (1986-2010)cPar Goreth Girukwayo ; Désiré Nkurunziza, directeur aBujumburabUniversité du Burundi, Faculté des Sciences Economiques et Administrativesc2013 aX-97 f.c30 cm. aMémoire présenté et défendu publiquement en vue de l'obtention du grade de Licencié en Sciences Économiques et Administratives.  72BI-BuBUaDéficit budgétairexProduit pétrolierxPrixxFluctuationy1986-2010zBurundi 72BI-BuBUaMémoire1 4dir.aNkurunziza, Désiré1 4aut.aUniversité du BurundibFaculté des Sciences Economiques et Administratives